000
00297nam a2200133Ia 4500
008
231129s1987||||xx |||||||||||||| ||spa||
040
_b
spa
082
_a
Co863 R173n
100
_a
Ramirez G. Heli
245
0
_a
La noche de su desvelo
260
_c
1987
264
_a
[s.n.]
942
_2
ddc
_c
BKS
999
_c
17741
_d
17741